000 00632nam a22002417a 4500
003 UA-OsUOA
001 70890
007 ta
008 20100923b un ||||| |||| 00| 0 ukr d
100 _aГасай Є.
090 _a94(477.84)
_bГ22
942 _cBK
040 _aUA-OsUOA
_bukr
_cUA-OsUOA
_dUA-OsUOA
245 _aПам'ять Токів та їх околиць
300 _a410 с.
955 _a2
041 _aukr
080 _a94(477.84)
020 _a978-966-493-220-9
260 _aТернопіль
_c2009
650 7 _a9 Географія. Біографії. Історія
_2UDC
999 _c357164
_d357164